Evaluation of compost and compost extract efficiency as bio-control agents on damping-off disease incidence of fenugreek (Trigonella foenum-greacum (Record no. 56372)
[ view plain ]
| 000 -LEADER | |
|---|---|
| fixed length control field | 02399cab a2200325Ia 45 0 |
| 001 - CONTROL NUMBER | |
| control field | u205635 |
| 003 - CONTROL NUMBER IDENTIFIER | |
| control field | SIRSI |
| 008 - FIXED-LENGTH DATA ELEMENTS--GENERAL INFORMATION | |
| fixed length control field | 110216s2013 ua ss b eng d |
| 040 ## - CATALOGING SOURCE | |
| Original cataloging agency | EAL |
| 041 ## - LANGUAGE CODE | |
| Language code of text/sound track or separate title | eng |
| Language code of summary or abstract | ara |
| 090 ## - LOCALLY ASSIGNED LC-TYPE CALL NUMBER (OCLC); LOCAL CALL NUMBER (RLIN) | |
| Classification number (OCLC) (R) ; Classification number, CALL (RLIN) (NR) | ART ZJAR V40 No2 3 |
| 100 1# - MAIN ENTRY--PERSONAL NAME | |
| Personal name | Hegazy, Mohamed I. |
| 240 10 - UNIFORM TITLE | |
| Uniform title | Zagazig journal of agricultural research, 2013 v. 40 (2) |
| Medium | [electronic resource]. |
| 245 10 - TITLE STATEMENT | |
| Title | Evaluation of compost and compost extract efficiency as bio-control agents on damping-off disease incidence of fenugreek (Trigonella foenum-greacum |
| Medium | [electronic resource]. |
| 246 15 - VARYING FORM OF TITLE | |
| Title proper/short title | تقييم فاعلية الكمبوست ومستخلص الكمبوست كوسائل للمكافحة الحيوية على معدل حدوث مرض موت البادرات فى الحلبة. |
| 300 ## - PHYSICAL DESCRIPTION | |
| Extent | p.239-249. |
| 504 ## - BIBLIOGRAPHY, ETC. NOTE | |
| Bibliography, etc. note | Includes references. |
| 520 ## - SUMMARY, ETC. | |
| Summary, etc. | Compost and compost extract efficacy as bio-control agents for damping-off disease of fenugreek plants (Trigonella foenum-greacum) was evaluated. The disease causative fungus, Fusarium solani (Mart.) Sacc, was isolated from El Sharkia Governorate. A pots experiment was carried out for fenugreek cultivation using different combinations of compost, compost extract, and F. solani. Incidence of damping-off, plant growth parameters, and populations of bacteria, fungi, and actinomycetes were deterntined. The results showed that fenugreek plants were highly affected by preemergence damping-off incidence (23.33%), and to a lesser extent by post-emergence damping-off (16.66%). Applying the recommended dose of compost (RDC) and irrigation with compost extract (CE) almost prevented the pre- and post-emergence damping-off (3.33% for both). Such result was concomitant with a decrease in the total number of fungi in most treatments, and a significant increase (P<-0.05) in the total number of bacteria and actinomycetes after 30 and 45 days of cultivation. |
| 546 ## - LANGUAGE NOTE | |
| Language note | Summary in Arabic. |
| 596 ## - | |
| -- | 1 |
| 650 #0 - SUBJECT ADDED ENTRY--TOPICAL TERM | |
| Topical term or geographic name entry element | Fenugreek. |
| 650 #0 - SUBJECT ADDED ENTRY--TOPICAL TERM | |
| Topical term or geographic name entry element | Damping-off diseases. |
| 650 #0 - SUBJECT ADDED ENTRY--TOPICAL TERM | |
| Topical term or geographic name entry element | Damping-off diseases |
| General subdivision | Control. |
| 650 #0 - SUBJECT ADDED ENTRY--TOPICAL TERM | |
| Topical term or geographic name entry element | Phytopathogenic microorganisms |
| General subdivision | Biological control. |
| 650 #0 - SUBJECT ADDED ENTRY--TOPICAL TERM | |
| Topical term or geographic name entry element | Compost. |
| 700 1# - ADDED ENTRY--PERSONAL NAME | |
| Personal name | Ali, Ali S. |
| 700 1# - ADDED ENTRY--PERSONAL NAME | |
| Personal name | Abbas, Entsar E. A. |
| 773 0# - HOST ITEM ENTRY | |
| Title | Zagazig Journal of Agricultural Research. |
| Related parts | 2013.v.40(2) |
| International Standard Serial Number | 1110-0338 |
| Control subfield | nnas |
| Record control number | u158356 |
| 856 40 - ELECTRONIC LOCATION AND ACCESS | |
| Uniform Resource Identifier | <a href="http://nile.enal.sci.eg/EALE/2013/ZJAR/4013/2/239.pdf">http://nile.enal.sci.eg/EALE/2013/ZJAR/4013/2/239.pdf</a> |
| Public note | Full Text Article. |
| 942 ## - ADDED ENTRY ELEMENTS (KOHA) | |
| Koha item type | Articles |
| Source of classification or shelving scheme | Library of Congress Classification |
No items available.